000
00294nam a22001337a 4500
020
_a
0312513992
082
_a
951.05 092 4 PUR
100
_a
PURCELL,h
245
_a
Mao tse-tung
260
_a
new york
_b
wayland
_c
1977
300
_a
95p.
_b
ill.; 20cm.
500
_a
include index.
942
_c
BK
999
_c
16763
_d
16763